000 00802nam a2200265 a 4500
001 BRL_1715
005 20190320211333.0
008 280514s1979----mx-a######---#000-0#spa-#
020 _a9685825386
041 _aspa
044 _amx
050 4 _aNB250
_b.M66 1979
100 1 _aMonteforte Toledo, Mario
_927713
245 1 0 _aLas piedras vivas
_bescultura y sociedad en México
_cMario Monteforte Toledo.
250 _a2a ed.
260 _aMéxico
_bUNAM, Instituto de Investigaciones Sociales
_c1979
300 _a272 p.
_bil., 138 láminas (blanco y negro)
_c28 cm.
500 _aAu2128
500 _aIncluye índice de nombre
504 _aBibliografía: p. 255-261
650 1 4 _aEscultura
_zMéxico
_93562
650 1 4 _aArte y sociedad
_zMéxico
_927714
902 _aGRL
942 _2lcc
_cB
999 _c10523
_d10523